Integración de la tecnología educativa en el aula : (Record no. 175260)

MARC details
000 -CABECERA
campo de control de longitud fija 00907nam a2200241 a 4500
005 - FECHA Y HORA DE LA ÚLTIMA TRANSACCIÓN
campo de control 20260418064114.0
008 - ELEMENTOS DE LONGITUD FIJA--INFORMACIÓN GENERAL
campo de control de longitud fija 150429s2011 mx r 000 0 spa d
020 ## - NÚMERO INTERNACIONAL NORMALIZADO PARA LIBROS
Número Internacional Estándar del Libro 9789871486410
035 ## - NÚMERO DE CONTROL DEL SISTEMA
Número de control de sistema UPN01000203159
049 ## - COLECCIÓN
Colección CG
050 #4 - SIGNATURA TOPOGRÁFICA DE LA BIBLIOTECA DEL CONGRESO
Número de clasificación LB1028.43
Número de documento/Ítem C3.47
100 1# - ASIENTO PRINCIPAL--NOMBRE PERSONAL
Nombre de persona Castellano, Hugo M.
9 (RLIN) 37249
245 10 - MENCIÓN DE TÍTULO
Título Integración de la tecnología educativa en el aula :
Resto del título enseñando con las TIC /
Mención de responsabilidad, etc. Hugo M. Castellano.
260 ## - PUBLICACIÓN, DISTRIBUCIÓN, ETC.
Lugar de publicación, distribución, etc. Argentina :
Nombre del editor, distribuidor, etc. Cengage learning,
Fecha de publicación, distribución, etc. 2011.
300 ## - DESCRIPCIÓN FÍSICA
Extensión 326 p. :
Otras características físicas il., cuadros
500 ## - NOTA GENERAL
Nota general En la cubierta dice: "Mención de honor Premio al libro de Educación de la Fundación El Libro de edicion 2009/10"
650 #4 - ASIENTO SECUNDARIO DE MATERIA - TERMINO TEMATICO
Término de materia o nombre geográfico como elemento de entrada Computadoras en la educación
9 (RLIN) 4976
650 #4 - ASIENTO SECUNDARIO DE MATERIA - TERMINO TEMATICO
Término de materia o nombre geográfico como elemento de entrada Tecnología educativa
9 (RLIN) 4978
650 #4 - ASIENTO SECUNDARIO DE MATERIA - TERMINO TEMATICO
Término de materia o nombre geográfico como elemento de entrada Enseñanza asistida por computadora
9 (RLIN) 4965
650 #4 - ASIENTO SECUNDARIO DE MATERIA - TERMINO TEMATICO
Término de materia o nombre geográfico como elemento de entrada Tecnologías de la información y comunicación
9 (RLIN) 21219
905 ## - TIPO DE MATERIAL
Tipo de material Libro
Holdings
Estado de retiro Estado de pérdida Fuente del sistema de clasificación o colocación Estado dañado No para préstamo Código de colección Localización permanente Ubicación/localización actual Ubicación en estantería Fecha de adquisición Total de préstamos Clasificación Código de barras Fecha visto por última vez Fecha del último préstamo Número de copia Tipo de ítem Koha Renovaciones totales
    Library of Congress Classification     Colección General Bib. Gregorio Torres Quintero Bib. Gregorio Torres Quintero Planta baja 07/09/2023 14 LB1028.43 C3.47 304033 19/09/2023 07/09/2023 1 Libro  
    Library of Congress Classification     Colección General Bib. Gregorio Torres Quintero Bib. Gregorio Torres Quintero Planta baja 06/11/2023 9 LB1028.43 C3.47 304034 08/01/2024 06/11/2023 1 Libro 1
    Library of Congress Classification     Colección General Bib. Gregorio Torres Quintero Bib. Gregorio Torres Quintero Planta baja   16 LB1028.43 C3.47 304035 03/03/2025 03/03/2025 1 Libro